Goldene Himbeere - Schlechtester Schauspieler - Statistiken

Allgemein
  • Dieses Quiz wurde 65 mal gespielt
    7 seit der letzten Aktualisierung
  • Das Durchschnittsergebnis liegt bei 9 aus 40
Antwortstatistiken
Jahr Darsteller Für Andere bekannte Filme des Darstellers % Korrekt
2013 Adam Sandler Der Chaos-Dad Kindsköpfe, 50 erste Dates
67%
2012 Adam Sandler Jack und Jill,Meine erfundene Frau Kindsköpfe, 50 erste Dates
67%
2000 Adam Sandler Big Daddy Kindsköpfe, 50 erste Dates
67%
1999 Bruce Willis Armageddon – Das jüngste Gericht,Das Mercury Puzzle, Ausnahmezustand Stirb langsam, The Sixth Sense
50%
2014 Jaden Smith After Earth Karate Kid, Das Streben nach Glück
50%
2020 John Travolta The FanaticTrading Point Grease, Pulp Fiction
50%
2001 John Travolta Battlefield Earth – Kampf um die ErdeLucky Numbers Grease, Pulp Fiction
50%
1998 Kevin Costner Postman Bodyguard, Der mit dem Wolf tanzt
50%
1995 Kevin Costner Wyatt Earp – Das Leben einer Legende Bodyguard, Der mit dem Wolf tanzt
50%
1992 Kevin Costner Robin Hood – König der Diebe Bodyguard, Der mit dem Wolf tanzt
50%
2018 Tom Cruise Die Mumie Top Gun, Mission: Impossible
50%
2023 Jared Leto Morbius Suicide Squad, House of Gucci
33%
1993 Sylvester Stallone Stop! Oder meine Mami schießt! Die City-Cobra, The Expendables
33%
1989 Sylvester Stallone Rambo III Die City-Cobra, The Expendables
33%
1986 Sylvester Stallone Rambo II – Der AuftragRocky IV Die City-Cobra, The Expendables
33%
1985 Sylvester Stallone Der Senkrechtstarter Die City-Cobra, The Expendables
33%
2011 Ashton Kutcher Kiss & Kill,Vale Freundschaft Plus, Butterfly Effect
17%
2004 Ben Affleck Liebe mit Risiko – GigliDaredevil Paycheck – Die Abrechnung Good Will Hunting, Batman v Superman
17%
2008 Eddie Murphy Norbit Der Prinz aus Zamunda, Beverly Hills Cop
17%
2026 Ice Cube Krieg der Welten 21 Jump Street, Boyz n the Hood
17%
2009 Mike Myers Der Love Guru Austin Powers, Wayne's World
17%
1991 Andrew Dice Clay Ford Fairlane – Rock ’n’ Roll Detective A Star Is Born, Blue Jasmine
0%
1988 Bill Cosby Die Superkanone Fat Albert, Ghost Dad
0%
1994 Burt Reynolds Ein Cop und ein Halber Ein ausgekochtes Schlitzohr, Beim Sterben ist jeder der Erste
0%
1984 Christopher Atkins Ein himmlischer Lümmel Die blaue Lagune, The Pirate Movie
0%
2016 Jamie Dornan Fifty Shades of Grey Belfast, A Haunting in Venice
0%
2025 Jerry Seinfeld Unfrosted Bee Movie, Eddie
0%
2024 Jon Voight Mercy Asphalt-Cowboy, Anaconda
0%
2015 Kirk Cameron Saving Christmas Fireproof, Left Behind
0%
1982 Klinton Spillsbury Die Legende vom einsamen Ranger Suddenly, Love
0%
1983 Laurence Olivier Inchon! Hamlet, Der Marathon-Mann
0%
2007 Marlon Wayans Little Man Scary Movie, White Chicks
0%
1997 Pauly Shore Bud und Doyle: Total Bio, garantiert schädlich Steinzeit Junior, Schwiegersohn Junior
0%
1996 Pauly Shore Chaos! Schwiegersohn Junior im Gerichtssaal Steinzeit Junior, Schwiegersohn Junior
0%
2003 Roberto Benigni Pinocchio Das Leben ist schön, Das Monster
0%
2006 Rob Schneider Deuce Bigalow: European Gigolo Rent a Man, Kindsköpfe
0%
2007 Shawn Wayans Little Man Scary Movie, White Chicks
0%
1997 Tom Arnold Big Bully – Mein liebster FeindCarpool Eine Familie zum Kotzen True Lies – Wahre Lügen, Soul Plane
0%
2002 Tom Green Freddy Got Fingered Road Trip, Schwere Jungs
0%
1990 William Shatner Star Trek V: Am Rande des Universums Star Trek: Der Film, Miss Undercover
0%
Keine übereinstimmenden Quizze gefunden
Verteilung der Resultate
Anzahl Personen mit jedem Resultat
Perzentil nach korrekt beantworteten Fragen
Ihre Resultats-Entwicklung
Sie haben dieses Quiz seit der letzten Aktualisierung nicht gespielt